• 首页
  • 本馆介绍
  • 公告通知
  • 最新文献
  • 馆藏检索
  • 电子资源
  • 读者导购
  • 参考咨询
  • 我的图书馆
  • 登录
  • 详细信息显示
  • 放入我的书架
  • 预约/预借图书
  • 作者相关作品
  • 分类相关作品
  • 丛书相关作品
  • 出版社相关作品

书目信息

  • 表格格式
  • 工作单格式
  • 卡片格式
题名:
新视界大学英语综合教程
    
 
作者: 西蒙·格林诺(SimonGreenall) 编
分册:  
出版信息: 北京   外语教学与研究出版社  2017.5
页数:
开本: 28cm
丛书名: 新视界大学英语
单 册:
中图分类: H319.39
科图分类:
主题词: 英语--高等学校--教材
电子资源:
ISBN: 978-7-5135-9057-0
000 01058oam2 2200253 450
001 012001001723
005 20140921103355.0
010    @a978-7-5135-9057-0@dCNY56.90
100    @a20170626d2017 em y0chiy0110 ea
101 0  @achi
102    @aCN@b110000
105    @ay z 000yy
106    @ar
200 1  @a新视界大学英语综合教程@9xin shi jie da xue ying yu zong he jiao cheng@f(英)西蒙·格林诺(SimonGreenall)等编
210    @a北京@c外语教学与研究出版社@d2017.5
215    @d28cm
225 2  @a新视界大学英语
330    @a《新视界大学英语综合教程4(智慧版)》根据《大学英语课程教学要求》编写,通过角度多样、题材丰富的选篇,灵活有效的练习设置,帮助学生逐步提高英语运用能力。本书充分体现了交际教学法的先进教学理念,注重培养学生学生的跨文化交际意识,引导学生的批判性思维。
461  0 @12001 @a新视界大学英语
606 0  @a英语@x高等学校@j教材
690    @aH319.39@v5
701  0 @c(英)@a西蒙·格林诺(SimonGreenall)@9xi meng · ge lin nuo ( S i m o n G r e e n a l l ) deng@4编
801  0 @aCN@b上海新华@c20180901
905    @b1044255-9@dH319.39@e264@f5
    
    新视界大学英语综合教程/(英)西蒙·格林诺(SimonGreenall)等编.-北京:外语教学与研究出版社,2017.5
    28cm.-(新视界大学英语)
    
    
    ISBN 978-7-5135-9057-0:CNY56.90
    《新视界大学英语综合教程4(智慧版)》根据《大学英语课程教学要求》编写,通过角度多样、题材丰富的选篇,灵活有效的练习设置,帮助学生逐步提高英语运用能力。本书充分体现了交际教学法的先进教学理念,注重培养学生学生的跨文化交际意识,引导学生的批判性思维。
●
相关链接 在E读中查询图书 在五车中查询图书 在当当中查询图书 在豆瓣中查询图书


正题名:新视界大学英语综合教程     索取号:H319.39/264         预约/预借

序号 登录号 条形码 馆藏地/架位号 状态 备注
1 1044255   210442555   第二样本阅览室/ [索取号:H319.39/264] 在馆    
2 1044256   210442564   密集书库—外国语学院/ [索取号:H319.39/264] 在馆    
3 1044257   210442573   第四借阅区/ [索取号:H319.39/264] 在馆    
4 1044258   210442582   第四借阅区/ [索取号:H319.39/264] 在馆    
5 1044259   210442591   第四借阅区/ [索取号:H319.39/264] 在馆    
唐山师范学院图书馆 欢迎您!
大连网信软件有限公司© 版权所有